Tésis sostenida ante la Facultad de Medicina y Cirujía de Madrid para obtar al grado de doctor en Ciencias Médicas [tema: La fecundación del cuerpo humano tiene lugar en el útero] / (Record no. 68706)

MARC details
000 -LEADER
campo de control de longitud fija 00634nam a22001575i 4500
001 - NÚMERO DE CONTROL
campo de control 68706
003 - IDENTIFICADOR DE NÚMERO DE CONTROL
campo de control ES-MaACL
007 - CAMPO FIJO DE DESCRIPCIÓN FÍSICA--INFORMACIÓN GENERAL
campo de control de longitud fija t|
008 - DATOS DE LONGITUD FIJA--INFORMACIÓN GENERAL
campo de control de longitud fija 960827s1851 sp ||||1| spa d
040 ## - FUENTE DE CATALOGACIÓN
Centro catalogador/agencia de origen CAM
Lengua de catalogación spa
Centro/agencia transcriptor CAM
100 1# - ENTRADA PRINCIPAL--NOMBRE DE PERSONA
Nombre de persona Gibernau y Subirá, Nicolás.
9 (RLIN) 56640
245 10 - MENCIÓN DEL TÍTULO
Título Tésis sostenida ante la Facultad de Medicina y Cirujía de Madrid para obtar al grado de doctor en Ciencias Médicas [tema: La fecundación del cuerpo humano tiene lugar en el útero] /
Mención de responsabilidad, etc. por Nicolás Gibernau y Subirá.
260 ## - PUBLICACIÓN, DISTRIBUCIÓN, ETC.
Lugar de publicación, distribución, etc. Granada :
Nombre del editor, distribuidor, etc. [s.n.],
Fecha de publicación, distribución, etc. 1851 (
Fabricante Impr. de Don Miguel de Benavides)
300 ## - DESCRIPCIÓN FÍSICA
Extensión 23 p. ;
Dimensiones 21 cm.
852 ## - LOCALIZACIÓN
Ubicación ES-MaACL
Número de control de estantería T-625-F-3
Holdings
Estatus retirado Estado de pérdida Estado de daño No para préstamo Colección Biblioteca de origen Biblioteca actual Ubicación en estantería Fecha de adquisición Fuente de adquisición Total de préstamos Signatura topográfica completa Código de barras Visto por última vez Precio de reemplazo Tipo de ítem Koha
        Colección de folletos Biblioteca del Ateneo de Madrid Biblioteca del Ateneo de Madrid Depósito folletos 17/01/2008     T-625-F-3 1071934 23/02/2023 23/02/2023 Folleto